000 00485nam a2200181Ia 4500
001 15050
005 20260306164959.0
008 260306t2015||||xx |||||||||||||| ||spa||
041 _aESP
082 _a526.9
_bP86
100 _aPriego de los Santos, Enrique
_eAUT
245 0 _aTopografía:
_bejercicios de instrumentación y observaciones topográficas
260 _c2015
300 _avi, 102 páginas :
_c24 cm.
650 _aGEN
654 _aCIC
942 _cLIB
_dJUS
_fJUS
_2ddc
_n
999 _c15050
_d15050